LEADER 00712nam0 2200265 450 001 000018269 005 20081028091454.0 100 $a20081028d1940----km-y0itay50------ba 101 1 $aita 102 $aIT 105 $ay-------001yy 200 1 $aImportanza di vivere$fLin Yutang 205 $a4. ed. 210 $aMilano$cBompiani$d1940 215 $a519 p.$d20 cm 225 2 $aAvventure del pensiero$v31 410 0$12001$aAvventure del pensiero 610 1 $aFilosofia 676 $a101$v19 700 1$aLin,$bYutang$0203963 801 0$aIT$bUNIPARTHENOPE$c20081028$gRICA$2UNIMARC 912 $a000018269 951 $a101/102$b5628$cNAVA1 996 $aImportanza di vivere$9101528 997 $aUNIPARTHENOPE LEADER 01534nam0 22003853i 450 001 VAN00265120 005 20240806101517.103 017 70$2N$a9783662033647 100 $a20231020d1988 |0itac50 ba 101 $aeng 102 $aDE 105 $a|||| ||||| 200 1 $aNon-Life Insurance Mathematics$fErwin Straub 210 $aBerlin$cSpringer$d1988 215 $avii, 138 p.$cill.$d24 cm 606 $a62-XX$xStatistics [MSC 2020]$3VANC022998$2MF 606 $a62P05$xApplications of statistics to actuarial sciences and financial mathematics [MSC 2020]$3VANC030682$2MF 610 $aActuarial science$9KW:K 610 $aCalculus$9KW:K 610 $aInsurance mathematics$9KW:K 610 $aProbability Theory$9KW:K 610 $aQuantitative Finance$9KW:K 610 $aReinsurance$9KW:K 610 $aStatistics$9KW:K 620 $dBerlin$3VANL000066 700 1$aStraub$bErwin$3VANV218570$0117786 712 $aSpringer $3VANV108073$4650 801 $aIT$bSOL$c20250606$gRICA 856 4 $uhttps://doi.org/10.1007/978-3-662-03364-7$zE-book ? Accesso al full-text attraverso riconoscimento IP di Ateneo, proxy e/o Shibboleth 899 $aBIBLIOTECA DEL DIPARTIMENTO DI MATEMATICA E FISICA$1IT-CE0120$2VAN08 912 $fN 912 $aVAN00265120 950 $aBIBLIOTECA DEL DIPARTIMENTO DI MATEMATICA E FISICA$d08DLOAD e-book 6986 $e08eMF6986 20231023 996 $aNon-life insurance mathematics$9466473 997 $aUNICAMPANIA